LEADER 01041nam a2200253 i 4500 001 000000130877 003 CaOOAMICUS 005 20070226000000.0 008 070226s1977 it u000 u ita u 013 $a103716 040 $aSeMil$bita 100 1 $aD'Onofrio, Franceco.$0(OLS)http://semarc/name/54112 245 10$aGoverno locale e democrazia comunitaria /$cFranceco D'Onofrio. 260 $aRoma :$bCinque Lune,$cCopyr. 1977. 300 $a307 p. ;$c19 cm. 490 0 $aOrientamenti : collana universale economica ;$v35. 650 4$aAutonomia locale.$0(OLS)http://semarc/subject/25802 650 4$aAmministrazione locale - Italia.$0(OLS)http://semarc/subject/25803 830 0$aOrientamenti ;$v35.$0(OLS)http://semarc/title/4350 850 $aSeMil 852 $aSeMil$W1$xVenegono$y1$m3N I 621$j84896$B84896$CSeMilBibl$Z2$F123646 $81 961 $aOmaggio: Altro 996 $6245$aGoverno locale e democrazia comunitaria$9(OLS)http://semarc/title/192677 996 $6260$aRoma :$bCinque Lune$9(OLS)http://semarc/publisher/31289 LEADER 01062nam a2200253 i 4500 001 000000183140 003 CaOOAMICUS 005 20091106000000.0 008 091106s2008 it u000 u ita u 013 $a161102 020 $a978-88-7367-099-5 040 $aSeMil$bita 100 1 $aMarcianò, Santo,$c.$0(OLS)http://semarc/name/49581 245 13$aLa fecondità spirituale nella liturgia e nei ministeri /$cSanto Marcianò. 260 $aRoma :$bEdizioni Liturgiche,$ccopyr. 2008. 300 $a261 p. ;$c21 cm. 500 $aContiene : Bibliografia. 650 4$aLiturgia - Spiritualità.$0(OLS)http://semarc/subject/2021 850 $aSeMil 852 $aSeMil$W1$xVenegono$y1$m3K IV 93$j133844$B133844$CSeMilBibl$Z2$F145571 $81 961 $aOmaggio: Delpini mons. Mario 996 $6020$a978-88-7367-099-5$9(OLS)http://semarc/number/172845 996 $6245$aLa fecondità spirituale nella liturgia e nei ministeri$9(OLS)http://semarc/title/262853 996 $6260$aRoma :$bEdizioni Liturgiche$9(OLS)http://semarc/publisher/33221